000 01066nam a22002657a 4500
003 DO-SdBNP
005 20240319114521.0
007 ta
008 230206b |||||||| |||| 00| 0 spa d
020 _a978-9945-18-327-6
040 _aDO-SdBNP
_bspa
_cBNPHU
082 4 _aRD860.508
_bS698L
_222
245 0 0 _aSon de la loma :
_b antología de escritos ocoeños /
_ccompilador y editor, Luis F. Subero; coordinación, Dario Tejeda ; prólogo, Ángel Emilio Pimentel
260 _aSanto Domingo :
_bAteneo Ocoeño,
_c2023
300 _a402 p. :
_bil., retrs.,
_cxx cm.
490 0 _aAteneo Ocoeño ;
650 4 _aLiteratura dominicana
_zRepública Dominicana
_zSan José de Ocoa (República Dominicana)
_983073
650 4 _aLiteratura dominicana
_vAntología
_983074
650 4 _aAutores ocoeños
_vAntología literaria
_983077
651 4 _aRepública Dominicana
_vAntología literaria
_983078
700 1 _aSubero, Luis F.
_ecomp.
_983075
700 1 _aTejeda, Darío
_ecoord.
_92540
700 1 _a Pimentel, Angel Emilio,
_eprólogo
_983076
942 _2ddc
_cLBS1
999 _c53125
_d53125